000 00215nam a22000857a 4500
008 170626b xxu||||| |||| 00| 0 eng d
100 _93716
_aMathur. S
245 _aIndian Vegetarian Delicaties
260 _aNew Delhi
_c2003
999 _c7138
_d7138